Picture this too : an introduction to computer graphics for kids of all ages

Guardado en:
Detalles Bibliográficos
Autor principal: Thornburg, David D.
Formato: Libro
Lenguaje:Undetermined
Publicado: Reading, Mass. Addison-Wesley Pub. Co. 1982
Materias:
Etiquetas: Agregar Etiqueta
Sin Etiquetas, Sea el primero en etiquetar este registro!
Thư viện lưu trữ: Trung tâm Học liệu Trường Đại học Cần Thơ
LEADER 00654nam a2200205Ia 4500
001 CTU_122475
008 210402s9999 xx 000 0 und d
082 |a 001.64 
082 |b T497 
100 |a Thornburg, David D. 
245 0 |a Picture this too : 
245 3 |b an introduction to computer graphics for kids of all ages 
245 0 |c David D. Thornburg 
260 |a Reading, Mass. 
260 |b Addison-Wesley Pub. Co. 
260 |c 1982 
650 |a Computer graphics,Computer graphics,Programming (Computers),Máy vi tính 
650 |x Juvenile literature 
904 |i Hiếu 
980 |a Trung tâm Học liệu Trường Đại học Cần Thơ